| 000 | 01279nam a22002297a 4500 | ||
|---|---|---|---|
| 003 | OSt | ||
| 005 | 20260122195012.0 | ||
| 008 | 230403b ||||| |||| 00| 0 eng d | ||
| 040 | _cOst | ||
| 041 | _ashan | ||
| 082 | _a808.4 | ||
| 245 | _aၽိုၼ်လၵ်ႈယွင်ႈယေႃးသူမ်လဵၸ်းဢၢတ်ႇယႃးထမ်းၸဝ်ႈၶေႇမႃႇၸႃႇရမိူဝ်ႈႁပ်ႉလႆႈၸုမ်ႈဢၵ်ႉၵမႁႃႇသတ်ႉထမ်မၸေႃးတိၵထၸဝၼ်းထိ22/5/2002။ | ||
| 260 | _c2002 | ||
| 300 |
_axvii၊ 252 ၼႃႈ _bၶႅပ်းႁၢင်ႈ (သီ) _c21 ၸိၼ်ႇထီႇ |
||
| 500 | _aS-SAT: Dr. Prof Sai Aung Tun | ||
| 500 | _aပဵၼ်ပပ်ႉၸဝ်ႈတႃႇၼႁင်းၶေႃ တွၵ်ႉတိူဝ်ႇၸၢႆးဢွင်ႇထုၼ်း၊ ဢဝ်လိၵ်ႈတႆးၶိုၼ်၊ တႆး၊ မၢၼ်ႈ၊ ထႆး၊ လၢဝ်ႈ လႄႈ ဢင်းၵိတ်းတႅမ်းႁူမ်ႈၵၼ်ဝႆႉ | ||
| 650 |
_aလိၵ်ႈႁွမ်တွမ် _920801 |
||
| 650 |
_aထေရုပ်ႉပတ်ႉတိ _920943 |
||
| 942 | _cBK1 | ||
| 942 | _2ddc | ||
| 942 | _2ddc | ||
| 999 |
_c23684 _d23684 |
||